| 000 | 00727 a2200241 4500 | ||
|---|---|---|---|
| 260 | _aParis | ||
| 100 | _aRAVENNE, Christie | ||
| 260 | _bLes éditions ESF | ||
| 260 | _bEntreprises Modernes d'Edition | ||
| 260 | _bLibrairies Techniques | ||
| 245 | _aRechercher et innover en groupe : méthodes à l'usage des cercles de qualité et de groupes de progrès : connaissance du problème : applications pratiques | ||
| 300 | _aPag. multiple | ||
| 650 | _aSCIENCE HUMAINE | ||
| 260 | _c1985 | ||
| 300 | _bill. | ||
| 130 | _lFr | ||
| 440 | _aFormation Permanente en Sciences Humaines | ||
| 690 | _agroupe de progrès | ||
| 690 | _aformation permanente | ||
| 020 | _a2.7111.0598.9 | ||
| 999 |
_c21195 _d21195 |
||